|
|
|
|
| LEADER |
00000nab a2200000 a 4500 |
| 001 |
vtls010356790 |
| 003 |
SK-MaSNL |
| 005 |
20260303093434.0 |
| 008 |
171110c2012 xo wr 0 0slo |
| 038 |
|
|
|a SLLK
|
| 040 |
|
|
|a SLLK
|b slo
|c sllk
|e AACR2
|
| 041 |
|
|
|a slo
|
| 044 |
|
|
|a xo
|c SK
|
| 080 |
|
|
|a 796.332
|2 2001
|
| 245 |
0 |
0 |
|a Ani v jednom domácom zápase nebodovali
|b MFK Goral St. Ľubovňa - ŠK Kremnička 0:1 (0:1)
|c Text a foto (mv)
|
| 300 |
|
|
|b Fotogr.
|
| 610 |
2 |
7 |
|a Mestský futbalový klub Stará Ľubovňa
|2 sllk
|9 1031864
|
| 648 |
|
7 |
|a 2012
|2 snkbucl
|9 326619
|
| 650 |
0 |
7 |
|a šport
|2 snkbucl
|9 1042
|
| 650 |
0 |
7 |
|a futbal
|x 3. liga
|y sezóna 2011/2012
|2 sllk
|9 1103857
|
| 651 |
|
7 |
|a Stará Ľubovňa (Slovensko)
|2 sllk
|9 19193
|
| 773 |
0 |
|
|t Ľubovnianske noviny
|g Roč. XXXVII, č. 16 (2012), s. 8
|x 1338-0346
|
| 999 |
|
|
|c 1815643
|d 1817573
|